| 000 | 01220nam a2200325 a 4500 | ||
|---|---|---|---|
| 001 | 000111557 | ||
| 003 | CHAP | ||
| 005 | 20220329144218.0 | ||
| 008 | 150616s2015 mx a |sm |||||||spa d | ||
| 010 | _a108019 | ||
| 011 | _a108991 | ||
| 040 | _cCHAP | ||
| 090 | _aTesis | ||
| 100 | 1 |
_aGarcía Miguel, Eduardo _9129443 |
|
| 245 | 1 | 0 |
_aEfecto de extractos de Equisetum hyemale var affine x myriochaetum, en el crecimiento micelial de hongos fitopatógenos de Citrus sinensis _h[En línea] _cpor Eduardo García Miguel. |
| 260 |
_aChapingo, Méx. : _bEl autor, _c2015. |
||
| 500 | _aPara ver el contenido del material haga clic en la liga | ||
| 502 | _aTesis (Ing. en Recursos Naturales Renovables) -- UACH. Departamento de Suelos | ||
| 590 |
_aE5652GLJ _b05 _c20150616 _lUCH01 _h0956 |
||
| 590 |
_aE5652GLJ _b05 _c20150616 _lUCH01 _h0957 |
||
| 590 |
_aE5652GLJ _b05 _c20150616 _lUCH01 _h1355 |
||
| 650 | 1 | 4 |
_aCitrus sinensis. _9125685 |
| 650 | 1 | 4 |
_aControl biológico de hongos. _927580 |
| 650 | 1 | 4 |
_aExtractos vegetales. _939214 |
| 650 | 1 | 4 |
_aHongos fitopatógenos _xControl. _9129457 |
| 856 |
_aFinding aid _uhttp://10.13.5.2/tesis/sist111557.pdf _zTeclea aquí |
||
| 901 | _aBK | ||
| 942 | _cTESIS | ||
| 942 | _n0 | ||
| 999 |
_c108019 _d108019 |
||